000 00563nam a2200217 a 4500
001 73648
003 BD-RjUL
005 20211209082425.0
008 170606s1948 enk 000 0 eng d
035 _a(BD-RjUL)73866
040 _aDLC
_cFDA
_dBD-RjUL
_beng
041 _aeng
082 _a646
_223
_bBEO 1948
100 1 _aBell, Quentin.
_9217996
245 1 0 _aOn human finery /
_cQuentin Bell
260 _aLondon :
_bHogarth Press,
_c1948.
300 _a134 p. :
_bill. ;
_c23 cm.
650 0 _aFashion
_9217997
650 0 _aCostume
_9217998
942 _2ddc
_cBK
999 _c73648
_d73648